MDQL
is popping MORE tags! Check the
thread
!
Quizzes
Events
Quiz Creation
Community
Videos
Private Events
Remove Ads
Sign In
Join for FREE
Feedback
Dark Mode
Quiz Categories
Sports
Geography
Music
Movies
Television
Just For Fun
Miscellaneous
History
Literature
Language
Science
Gaming
Entertainment
Religion
Holiday
For Kids
Quiz Lab
Recent
Popular Today
Quiz Kudos Today
Editor Picks
Curator Picks
Quizzes by...
Day
Popularity
Type
Ratings
Length
Year
Community
Subscriptions
Recent Discussions
Orange Saloon
Badges
Playlists
Quests
Create
Leaderboards
Showdown
Live 5
Trivia Bingo
Activity
Puzzle Library
Sporcle Events
Private Events
Virtual Trivia
Globe League
Become a Host
Pub Owners
SporcleCon
Opinionation
Our Games
Videos
Blog
Mobile Apps
Partnerships
Remove Ads and Go Orange
Feedback
Music
Pop Music
The Beatles
Song
Album
Lyrics
Bands
Singers
Artist
Clip
Rock
Rap
Classical
Billboard
Country Music
Kpop
Taylor Swift
Music
Pop Music
The Beatles
Song
Album
Lyrics
Bands
Singers
Artist
Clip
Rock
Rap
Classical
Billboard
Country Music
Kpop
Taylor Swift
Random Quiz
Search Sporcle
×
Quiz Lab
Quiz Lab
Music
Song
Type in answers that appear in a list
Type in answers that appear in a list
Classic
Best Score? Go Orange.
Artists whose signature song isn't their biggest hit Stats
Can you name the Artists whose signature song isn't their biggest hit?
By
SporcleEXP
5m
22 Questions
1,371 Plays
1,371 Plays
1,371 Plays
Comments
Comments
Give Quiz Kudos
Give Quiz Kudos
-
- Ratings
hide this ad
More Info
Replay
Link that replays current quiz
Next Quiz
Link to next quiz in quiz playlist
You Got
0%
They Got
Avg Score
43%
Avg Friend Score
Upgrade to see
Score Distribution
Jump to the score distribution portion of the page
Score
0/22
Timer
05:00
0
Plays Today
Highest Charting Song
Artist
% Correct
Another One Bites The Dust... (#1)
Queen
93.8%
I Don't Want To Miss A Thing (#1)
Aerosmith
79.6%
We Didn't Start the Fire... (#1)
Billy Joel
75.1%
Genie In A Bottle... (#1)
Christina Aguilera
69.8%
Moves Like Jagger... (#1)
Maroon 5
66.7%
Whole Lotta Love (#4)
Led Zeppelin
63.2%
Stronger (What Doesn't Kill You)... (#1)
Kelly Clarkson
59.7%
You Belong With Me... (#2)
Taylor Swift
53.7%
Girlfriend (#1)
Avril Lavigne
48.8%
Open Arms (#2)
Journey
47.2%
Boyfriend (#2)
Justin Bieber
44.3%
Highest Charting Song
Artist
% Correct
Amanda (#1)
Boston
36.5%
The Loco-
motion (#3)
Kylie Minogue
36.3%
(Just Like) Starting Over... (#1)
John Lennon
31.9%
Name (#5)
Goo Goo Dolls
30.3%
You Don't Bring Me Flowers... (#1)
Neil Diamond
23.1%
Talking In Your Sleep (#3)
The Romantics
22%
Adia (#3)
Sarah McLachlan
21.7%
You Keep Me Hangin' On (1986) (#1)
Kim Wilde
19%
Close My Eyes Forever (#8)
Ozzy Osbourne
16.1%
Inside Your Heaven (#1)
Carrie Underwood
14.9%
Hourglass (#15)
Squeeze
7.5%
Quiz Playlist
Details
Report
Send in Message
Add To Playlist
More Info:
* Biggest hit on the US Hot 100 ** Featuring credits do not count *** Comment if you have any suggestions
Classic:
Type in answers that appear in a list
Last Updated: Feb 16, 2017
Quiz Scoreboard
CHALLENGE
Sign Up to Join the Scoreboard
Show All
Scores
Hide
Comments
May contain spoilers
Recently Published
Street Fighter Characters
by Artimus82
Gaming
60s
9x9 Crossword: Cartoon Network
by jackfrog10
Miscellaneous
3m
College Basketball Coaching Resumes
by pancakes188
Sports
9m
More to Explore
Quiz From the Vault
Featured Blog Post
Where Did the Easter Bunny Come From?
hide this ad
You Might Also Like...
Tags
Artist Quiz
Song Quiz
biggest
Charting
highest
hit
signature
Today's Top Quizzes in Music
Browse Music
hide this ad
Today's Top Quizzes in Song
Browse Song
Top Contributed Quizzes in Music
1
Taylor Swift All Songs (2024)
2
Taylor Swift Logic Puzzle
3
Guess the Artist- 70s Songs
4
7-to-1: Billboard Hot 100 #1 Hits of 2010s
5
Sorting Albums and Songs
6
KPOP LOGIC QUIZ
7
Guess the Taylor Swift song (Mystery Song)
8
Guess The Taylor Swift Lyrics Song #1
9
Billboard Blitz: ABBA
10
Billboard Blitz: The Beatles
Explore More
Trending Topics
NBA
Marvel
Anime
Kpop
Disney
Crossword
Harry Potter
Country
Pokémon
Soccer
NFL
The Office
Puzzle
Song
WWE
hide this ad
More By:
SporcleEXP
Quiz
Plays
Rating
Category
Featured
Created
Harry Potter Deaths in Order Minefield
3,068,568
4.18
Literature
Jan 27, 2016
Sins, Dwarfs, and Spice Girls
847,289
4.42
Just For Fun
Apr 11, 2012
Ancient History Bunker
708,219
4.28
History
Jan 20, 2014
Movie Posters VI
679,056
4.37
Movies
Nov 12, 2010
Movie Posters VII
621,881
4.44
Movies
Apr 16, 2011
Go to Creator's Profile
Score Distribution
Quiz Creator Spotlight
SporcleEXP
Follow
Send a Message
Quizzes Created
-
Created Quiz Play Count
-
More By This Creator
Popular Quizzes Today
1
Find the US States - No Outlines Minefield
2
Find the Countries of Europe - No Outlines Minefield
3
The Countries of the World
4
Find the US States
5
Risky Map Clicking: Biggest States A-Z
6
US States
7
Popular People in 1961
8
Movies - When Are They Set?
More Music Quizzes
Halsey or Taylor Swift: Choose the Song
Quiz Lab
Trending Quizzes
Risky Map Clicking: Least Populous States A-Z
Countries of the World: 200 Million BC
1-10 Letter G Words
Risky Map Clicking: Next State Alphabetically
Adjectives in 80s TV Shows
Recently Updated
Leaping Animals
pecheneg
Reality TV Shows (A-Z)
bhenderson79
Rickey Henderson's Hall of Fame Teammates
pecheneg
Champions League XIs: Arsenal
pecheneg
Quick Pick: Celebrities in WWE's Hall of Fame
aduchscher
A-Z Keypad Blitz II
pecheneg
Multiple Oscar Actors
pecheneg
Mystery Phrase Blitz: Oscar 'Best Actors'
pecheneg
F. Scott Fitzgerald Novels
LTH
Pick 3 Villains
ddd62291
Trending Topics
Crossword
Anime
NBA
Disney
Harry Potter
Kpop
Marvel
Pokémon
The Office
Soccer
Song
Puzzle
NFL
WWE
Country
Your Account Isn't Verified!
In order to create a playlist on Sporcle, you need to verify the email address you used during registration. Go to your
Sporcle Settings
to finish the process.
Report this User
Report this user for behavior that violates our
Community Guidelines
.
Details:
Send Report
Go to the Sporcle.com Mobile Site →
Comments